[Event "ISL-chT Kvika 2324"]
[Site "Reykjavik"]
[Date "2023.10.14"]
[Round "3.1"]
[White "Johannesson, Oliver Aron"]
[Black "Sigurjonsson, Stefan Thor"]
[Result "1-0"]
[WhiteElo "2157"]
[BlackElo "2116"]
[PlyCount "85"]
[EventDate "2023.10.12"]
[EventType "team-tourn"]
[EventRounds "10"]
[EventCountry "ISL"]
[SourceTitle "Mega2024 Update 01"]
[Source "Chessbase"]
[SourceDate "2023.11.12"]
[SourceVersion "1"]
[SourceVersionDate "2023.11.12"]
[SourceQuality "1"]
[WhiteTeam "Skakdeild Fjolnis"]
[BlackTeam "Vikingaklubburinn"]
[WhiteTeamCountry "ISL"]
[BlackTeamCountry "ISL"]

1. d4 d5 2. c4 e6 3. Nc3 Nf6 4. cxd5 exd5 5. Bg5 c6 6. e3 Bd6 7. Bd3 h6 8. Bh4 0-0 9. Nge2 Re8 10. Qc2 a5 11. h3 b5 12. 0-0 Nbd7 13. Rae1 Nf8 14. a4 b4 15. Nb1 Bd7 16. Nd2 Rc8 17. Nb3 Ne6 18. Nc5 Nxc5 19. dxc5 Bb8 20. Bf5 g5 21. Bxd7 Qxd7 22. Bg3 Re4 23. Bxb8 Rc4 24. Qd3 Rxb8 25. Rc1 Rxc1 26. Rxc1 Re8 27. f3 h5 28. Nd4 Re5 29. Qa6 Rxe3 30. Qxc6 Qe7 31. Qc8+ Ne8 32. Qf5 Re5 33. Nc6 Re1+ 34. Rxe1 Qxe1+ 35. Kh2 Qd2 36. Ne5 Ng7 37. Qxf7+ Kh7 38. Qg6+ Kg8 39. Nd3 h4 40. c6 Qc2 41. Qd6 Qxd3 42. Qb8+ Kh7 43. c7 1-0

[Event "ISL-chT Kvika 2223"]
[Site "Reykjavik"]
[Date "2022.10.16"]
[Round "5.2"]
[White "Briem, Stephan"]
[Black "Johannesson, Oliver Aron"]
[Result "1/2-1/2"]
[WhiteElo "2083"]
[BlackElo "2205"]
[PlyCount "78"]
[EventDate "2022.10.13"]
[EventType "team-tourn"]
[EventRounds "10"]
[EventCountry "ISL"]
[SourceTitle "CBM 213 Extra"]
[Source "ChessBase"]
[SourceDate "2023.05.31"]
[SourceVersion "1"]
[SourceVersionDate "2023.05.31"]
[SourceQuality "1"]
[WhiteTeam "Breidjblik Skakdeild"]
[BlackTeam "Skakdeild Fjolnis"]
[WhiteTeamCountry "ISL"]
[BlackTeamCountry "ISL"]

1. d4 d5 2. c4 c6 3. cxd5 cxd5 4. Bf4 Nf6 5. Nc3 Nc6 6. e3 a6 7. Be2 e6 8. Rc1 Bd6 9. Bxd6 Qxd6 10. f4 Ne4 11. Nf3 Nxc3 12. Rxc3 Bd7 13. 0-0 0-0 14. Bd3 g6 15. Ne5 Rac8 16. Qd2 f6 17. Nxc6 Rxc6 18. Rxc6 Qxc6 19. Rc1 Qb6 20. Rc5 Rc8 21. Rxc8+ Bxc8 22. Qc3 Bd7 23. Kf2 Kf7 24. h4 f5 25. Be2 h5 26. Ke1 Qc6 27. Kd2 Qxc3+ 28. Kxc3 a5 29. b4 b6 30. Kb2 Ke7 31. Ka3 Kd6 32. Bd1 Kc7 33. Bc2 Kb7 34. Bd3 Ka7 35. Be2 Kb7 36. bxa5 bxa5 37. Bd1 Kb6 38. Bb3 Bc6 39. Ba4 Bxa4 1/2-1/2

[Event "ISL-chT1 2122"]
[Site "Reykjavik"]
[Date "2022.03.05"]
[Round "9.1"]
[White "Johannesson, Oliver Aron"]
[Black "Bergsson, Stefan"]
[Result "1/2-1/2"]
[WhiteElo "2238"]
[BlackElo "2147"]
[PlyCount "47"]
[EventDate "2021.09.30"]
[EventType "team-tourn"]
[EventRounds "10"]
[EventCountry "ISL"]
[SourceTitle "EXT 2023"]
[Source "ChessBase"]
[SourceDate "2022.10.05"]
[SourceVersion "1"]
[SourceVersionDate "2022.10.05"]
[SourceQuality "1"]
[WhiteTeam "Skakdeild Fjolnis"]
[BlackTeam "Skakfelag Akureyrar"]
[WhiteTeamCountry "ISL"]
[BlackTeamCountry "ISL"]

1. d4 d5 2. Bf4 c5 3. e3 Nf6 4. c3 Nc6 5. Nd2 e6 6. Ngf3 Bd6 7. Bg3 0-0 8. Bd3 Be7 9. Ne5 Nxe5 10. dxe5 Nd7 11. Nf3 c4 12. Bc2 b5 13. h4 Nc5 14. b4 Ne4 15. Ng5 f5 16. exf6 Bxf6 17. Nxe4 dxe4 18. Qxd8 Rxd8 19. Bxe4 Bxc3+ 20. Ke2 Rd2+ 21. Kf3 Bxa1 22. Rxa1 Rd5 23. Bxd5 exd5 24. a4 1/2-1/2

[Event "ISL-chT1 2122"]
[Site "Reykjavik"]
[Date "2021.10.03"]
[Round "5.3"]
[White "Salama, Omar"]
[Black "Johannesson, Oliver Aron"]
[Result "1-0"]
[WhiteElo "2179"]
[BlackElo "2238"]
[PlyCount "51"]
[EventDate "2021.09.30"]
[EventType "team-tourn"]
[EventRounds "10"]
[EventCountry "ISL"]
[SourceTitle "EXT 2022"]
[Source "ChessBase"]
[SourceDate "2021.10.06"]
[SourceVersion "1"]
[SourceVersionDate "2021.10.06"]
[SourceQuality "1"]
[WhiteTeam "Taflfelag Reykjavikur"]
[BlackTeam "Skakdeild Fjolnis"]
[WhiteTeamCountry "ISL"]
[BlackTeamCountry "ISL"]

1. d4 d5 2. c4 c6 3. cxd5 cxd5 4. Nc3 e5 5. dxe5 d4 6. Ne4 Qa5+ 7. Nd2 Nc6 8. Ngf3 Bf5 9. g4 Bxg4 10. Bg2 Bb4 11. 0-0 Bxd2 12. Qxd2 Qxd2 13. Bxd2 Nge7 14. b4 0-0 15. Rfc1 Rfd8 16. b5 Bxf3 17. Bxf3 Nxe5 18. Bxb7 Rab8 19. Ba5 Re8 20. Rc7 Nd5 21. Bxd5 Rxb5 22. Bb3 Rxa5 23. f4 Ng6 24. Bxf7+ Kf8 25. Bxe8 Kxe8 26. Rb1 1-0

[Event "ISL-chT1 1920"]
[Site "Reykjavik"]
[Date "2019.10.04"]
[Round "2.1"]
[White "Johannesson, Oliver Aron"]
[Black "Thorfinnsson, Bragi"]
[Result "0-1"]
[WhiteElo "2269"]
[BlackElo "2436"]
[PlyCount "52"]
[EventDate "2019.10.03"]
[EventType "team-tourn"]
[EventRounds "9"]
[EventCountry "ISL"]
[SourceTitle "CBM 195 Extra"]
[Source "ChessBase"]
[SourceDate "2020.05.31"]
[SourceVersion "1"]
[SourceVersionDate "2020.05.31"]
[SourceQuality "1"]
[WhiteTeam "Skakdeild Fjolnis"]
[BlackTeam "Skakfelag Selfoss"]
[WhiteTeamCountry "ISL"]
[BlackTeamCountry "ISL"]

1. d4 d5 2. c4 e6 3. Nf3 Nf6 4. g3 c5 5. cxd5 exd5 6. Bg2 Nc6 7. Nc3 Be7 8. 0-0 0-0 9. Bg5 c4 10. Ne5 Be6 11. Nxc6 bxc6 12. b3 Rc8 13. bxc4 dxc4 14. Qa4 Qxd4 15. Rac1 Bc5 16. e3 Qe5 17. Bxf6 Qxf6 18. Bxc6 Ba3 19. Rc2 Bh3 20. Bg2 Bxg2 21. Kxg2 Qg6 22. Rd1 a5 23. Rd4 Rfd8 24. Rxd8+ Rxd8 25. Rd2 Rxd2 26. Qxa3 Qc2 0-1

[Event "ISL-chT1 1819"]
[Site "Reykjavik"]
[Date "2019.03.01"]
[Round "7.3"]
[White "Johannesson, Ingvar Thor"]
[Black "Johannesson, Oliver Aron"]
[Result "1-0"]
[WhiteElo "2335"]
[BlackElo "2273"]
[PlyCount "101"]
[EventDate "2018.11.08"]
[EventType "team-tourn"]
[EventRounds "9"]
[EventCountry "ISL"]
[SourceTitle "CBM 189 Extra"]
[Source "ChessBase"]
[SourceDate "2019.06.03"]
[SourceVersion "1"]
[SourceVersionDate "2019.06.03"]
[SourceQuality "1"]
[WhiteTeam "Taflfelag Reykjavikur"]
[BlackTeam "Skakdeild Fjolnis"]
[WhiteTeamCountry "ISL"]
[BlackTeamCountry "ISL"]

1. d4 d5 2. Bf4 Nf6 3. e3 c5 4. c3 Nc6 5. Nd2 e6 6. Ngf3 Bd6 7. Bg3 0-0 8. Bb5 Ne7 9. Bd3 b6 10. e4 dxe4 11. Nxe4 Nxe4 12. Bxe4 Rb8 13. dxc5 Bxg3 14. Qxd8 Bxf2+ 15. Kxf2 Rxd8 16. c6 Nd5 17. Bxd5 Rxd5 18. Rhd1 Kf8 19. Rxd5 exd5 20. Rd1 Be6 21. Nd4 Ke7 22. a4 a6 23. b4 Kd6 24. Rd2 Ra8 25. Ke3 Re8 26. Kd3 Ra8 27. Kc2 Re8 28. Kb3 h5 29. Re2 Rf8 30. Rf2 Re8 31. h3 Rc8 32. Ra2 Ra8 33. Ra3 g5 34. Ra1 Rf8 35. Kc2 f5 36. b5 Bc8 37. Rb1 a5 38. Kd3 f4 39. Re1 g4 40. hxg4 hxg4 41. Rh1 Rf7 42. Rh6+ Kc7 43. Ke2 Re7+ 44. Kf2 Re3 45. Rf6 Re4 46. Rf8 Kb8 47. Nf5 Kc7 48. Rf7+ Kb8 49. c7+ Ka7 50. Nd6 g3+ 51. Kf1 1-0

[Event "ISL-chT1 1819"]
[Site "Reykjavik"]
[Date "2018.11.10"]
[Round "4.5"]
[White "Gretarsson, Helgi Ass"]
[Black "Johannesson, Oliver Aron"]
[Result "1-0"]
[WhiteElo "2436"]
[BlackElo "2273"]
[PlyCount "51"]
[EventDate "2018.11.08"]
[EventType "team-tourn"]
[EventRounds "9"]
[EventCountry "ISL"]
[SourceTitle "CBM 187 Extra"]
[Source "ChessBase"]
[SourceDate "2018.11.04"]
[SourceVersion "1"]
[SourceVersionDate "2018.11.04"]
[SourceQuality "1"]
[WhiteTeam "Skakfelagidj Huginn"]
[BlackTeam "Skakdeild Fjolnis"]
[WhiteTeamCountry "ISL"]
[BlackTeamCountry "ISL"]

1. d4 Nf6 2. Nf3 d5 3. c4 c6 4. e3 Bf5 5. Nc3 e6 6. Nh4 Bg6 7. Qb3 Qb6 8. Nxg6 hxg6 9. Bd2 Nbd7 10. Be2 Ne4 11. Nxe4 dxe4 12. 0-0-0 0-0-0 13. Qa4 c5 14. b4 cxb4 15. c5 Nxc5 16. dxc5 Bxc5 17. Kb1 Kb8 18. Bc1 a5 19. Bb2 f6 20. h3 Rxd1+ 21. Rxd1 Rd8 22. Rxd8+ Qxd8 23. Qc2 Qd5 24. Bc4 Qc6 25. Bxe6 b6 26. Bf7 1-0

[Event "ISL-chT1 1819"]
[Site "Reykjavik"]
[Date "2018.11.09"]
[Round "2.5"]
[White "Johannesson, Oliver Aron"]
[Black "Bergsson, Stefan"]
[Result "1-0"]
[WhiteElo "2273"]
[BlackElo "2175"]
[PlyCount "69"]
[EventDate "2018.11.08"]
[EventType "team-tourn"]
[EventRounds "9"]
[EventCountry "ISL"]
[SourceTitle "CBM 187 Extra"]
[Source "ChessBase"]
[SourceDate "2018.11.04"]
[SourceVersion "1"]
[SourceVersionDate "2018.11.04"]
[SourceQuality "1"]
[WhiteTeam "Skakdeild Fjolnis"]
[BlackTeam "Skakfelag Akureyrar"]
[WhiteTeamCountry "ISL"]
[BlackTeamCountry "ISL"]

1. d4 Nf6 2. c4 g6 3. Nc3 Bg7 4. Nf3 0-0 5. Bg5 d6 6. e3 c5 7. d5 b5 8. cxb5 Qa5 9. Nd2 Bb7 10. Nc4 Qc7 11. a4 Nbd7 12. a5 Rab8 13. Be2 Ba8 14. 0-0 Ne5 15. Nxe5 dxe5 16. e4 Ne8 17. Qa4 Nd6 18. Be3 f5 19. f3 c4 20. Rfc1 Rfc8 21. b3 cxb3 22. Qxb3 Qd7 23. b6 h5 24. Ba6 Rf8 25. Bb5 Qd8 26. bxa7 Rb7 27. a6 Rb6 28. Qa4 fxe4 29. fxe4 Nxb5 30. Nxb5 Rbf6 31. Nc7 R8f7 32. Rab1 Qf8 33. Qe8 Qxe8 34. Nxe8 Rxa6 35. Nc7 1-0

[Event "Vasteras op"]
[Site "Vasteras"]
[Date "2018.09.28"]
[Round "4"]
[White "Subramanian, Aditya"]
[Black "Johannesson, Oliver Aron"]
[Result "1/2-1/2"]
[WhiteElo "2151"]
[BlackElo "2284"]
[PlyCount "41"]
[EventDate "2018.09.28"]
[EventType "swiss"]
[EventRounds "8"]
[EventCountry "SWE"]
[SourceTitle "CBM 186 Extra"]
[Source "ChessBase"]
[SourceDate "2018.08.24"]
[SourceVersion "1"]
[SourceVersionDate "2018.08.24"]
[SourceQuality "1"]

1. c4 e5 2. Nc3 Nc6 3. Nf3 Nf6 4. e3 Be7 5. d4 exd4 6. exd4 d5 7. cxd5 Nxd5 8. Qb3 Nxc3 9. bxc3 0-0 10. Be2 Na5 11. Qc2 c5 12. 0-0 cxd4 13. Rd1 Qc7 14. Nxd4 a6 15. Qe4 Re8 16. Bf4 Qc5 17. Nb3 Nxb3 18. axb3 Be6 19. Qxb7 Qxc3 20. Rxa6 Rxa6 21. Qxa6 1/2-1/2

[Event "ISL-chT 1718"]
[Site "Reykjavik"]
[Date "2018.03.03"]
[Round "9.2"]
[White "Johannesson, Oliver Aron"]
[Black "Karlsson, Mikael Johann"]
[Result "1/2-1/2"]
[WhiteElo "2273"]
[BlackElo "2153"]
[PlyCount "138"]
[EventDate "2017.10.19"]
[EventType "team-tourn"]
[EventRounds "9"]
[EventCountry "ISL"]
[SourceTitle "EXT 2019"]
[Source "ChessBase"]
[SourceDate "2018.10.10"]
[SourceVersion "1"]
[SourceVersionDate "2018.10.10"]
[SourceQuality "1"]
[WhiteTeam "Fjolnis"]
[BlackTeam "Akureyri II"]
[WhiteTeamCountry "ISL"]
[BlackTeamCountry "ISL"]

1. d4 d5 2. c4 e6 3. Nc3 c6 4. e4 dxe4 5. Nxe4 Bb4+ 6. Bd2 Be7 7. Nf3 Nf6 8. Bd3 Nbd7 9. 0-0 0-0 10. Qe2 Re8 11. Rad1 Qc7 12. Rfe1 b6 13. Neg5 Bd6 14. Ne5 c5 15. Ngxf7 cxd4 16. Nxd6 Qxd6 17. Bf4 Bb7 18. Bb1 Rac8 19. b3 Nc5 20. f3 Rcd8 21. Qc2 a5 22. Bg5 Be4 23. fxe4 Qxe5 24. Qc1 Ng4 25. Bf4 Qh5 26. h3 Ne5 27. Qb2 Rf8 28. Bg3 Qg5 29. Kh2 Nc6 30. Bc7 Rd7 31. Bxb6 Rdf7 32. Qe2 Qe5+ 33. Kg1 Nd7 34. c5 Nxb6 35. cxb6 Rb8 36. Rf1 Rxf1+ 37. Rxf1 Rxb6 38. Bd3 Rb8 39. Qf3 h6 40. Bc4 Kh8 41. Qg4 Qc5 42. Kh1 Ne5 43. Qxe6 Nxc4 44. bxc4 Rc8 45. Rf5 Qc7 46. Rf7 Qb8 47. Qg4 Qb1+ 48. Kh2 Qb8+ 49. Kg1 Qb1+ 50. Rf1 Qb7 51. e5 d3 52. Qd4 Qc7 53. Qxd3 Qxe5 54. Qd5 Qc3 55. Qe6 Qd4+ 56. Kh2 Rd8 57. Qe7 Rc8 58. Rf8+ Rxf8 59. Qxf8+ Kh7 60. Qf5+ Kh8 61. c5 Qc4 62. Qf8+ Kh7 63. Qd8 Qxa2 64. c6 Qc4 65. c7 a4 66. Kg3 a3 67. Qd7 Qc3+ 68. Kf2 Qc2+ 69. Ke3 a2 1/2-1/2

[Event "ISL-chT 1718"]
[Site "Reykjavik"]
[Date "2017.10.19"]
[Round "1.5"]
[White "Petersson, Baldur Teodor"]
[Black "Johannesson, Oliver Aron"]
[Result "0-1"]
[WhiteElo "2113"]
[BlackElo "2273"]
[PlyCount "118"]
[EventDate "2017.10.19"]
[EventType "team-tourn"]
[EventRounds "9"]
[EventCountry "ISL"]
[SourceTitle "CBM 181 Extra"]
[Source "ChessBase"]
[SourceDate "2017.12.12"]
[SourceVersion "1"]
[SourceVersionDate "2017.12.12"]
[SourceQuality "1"]
[WhiteTeam "Gardabaer"]
[BlackTeam "Fjolnis"]
[WhiteTeamCountry "ISL"]
[BlackTeamCountry "ISL"]

1. e4 c5 2. d3 Nc6 3. g3 d5 4. Nd2 e6 5. Bg2 g6 6. Ngf3 Bg7 7. 0-0 Nge7 8. c3 0-0 9. Re1 b5 10. a3 a5 11. Nb3 Qb6 12. exd5 Nxd5 13. c4 bxc4 14. dxc4 Nde7 15. Be3 Rb8 16. Nxc5 Qxb2 17. Rb1 Qxa3 18. Rxb8 Nxb8 19. Ne4 Nbc6 20. Bc5 Qa2 21. Qc1 Ba6 22. Nfd2 Rd8 23. Rd1 Qb2 24. Qxb2 Bxb2 25. Rb1 Bd4 26. Rb6 Bc8 27. Bxd4 Rxd4 28. Nf6+ Kg7 29. Nde4 Rd1+ 30. Bf1 a4 31. Rb2 Ba6 32. Ne8+ Kf8 33. N8d6 f5 34. Nc5 a3 35. Rb6 a2 36. Rxa6 a1Q 37. Rxa1 Rxa1 38. Nxe6+ Kg8 39. Kg2 Re1 40. Nf4 Ne5 41. Nb5 Rc1 42. Nd3 Nxd3 43. Bxd3 Nc6 44. f4 Na5 45. Nc7 Nxc4 46. Bxc4+ Rxc4 47. Nd5 Kf7 48. Ne3 Ra4 49. h3 Ke6 50. Kf3 Ra3 51. g4 Kd6 52. Kf2 Kc5 53. gxf5 Rxe3 54. fxg6 Re7 55. gxh7 Rxh7 56. Kg3 Kd5 57. Kg4 Ke6 58. h4 Kf6 59. h5 Rh6 0-1

[Event "EU-Cup 33rd"]
[Site "Antalya"]
[Date "2017.10.08"]
[Round "1.2"]
[White "Karjakin, Sergey"]
[Black "Johannesson, Oliver Aron"]
[Result "1-0"]
[WhiteElo "2765"]
[BlackElo "2273"]
[PlyCount "49"]
[EventDate "2017.10.08"]
[EventType "team-swiss"]
[EventRounds "7"]
[EventCountry "TUR"]
[SourceTitle "CBM 181"]
[Source "ChessBase"]
[SourceDate "2017.11.10"]
[SourceVersion "1"]
[SourceVersionDate "2017.11.10"]
[SourceQuality "1"]
[WhiteTeam "Globus"]
[BlackTeam "Fjolnir"]
[WhiteTeamCountry "RUS"]
[BlackTeamCountry "ISL"]

1. e4 c5 2. Nf3 e6 3. d4 cxd4 4. Nxd4 Nc6 5. Nc3 Qc7 6. Be3 a6 7. Qf3 Ne5 8. Qg3 h5 9. 0-0-0 h4 10. Qh3 b5 11. f4 Nc4 12. Bxc4 Qxc4 13. Rhe1 Be7 14. Kb1 Bb7 15. f5 Nf6 16. Bg5 e5 17. Nf3 Qc7 18. Bxf6 gxf6 19. Nd5 Bxd5 20. Rxd5 Rc8 21. Re2 Qc4 22. Rd3 Rc5 23. g4 d5 24. b3 Qb4 25. exd5 1-0

[Event "Nordic-ch U20"]
[Site "Drammen"]
[Date "2017.02.19"]
[Round "6"]
[White "Syvalahti, Timo"]
[Black "Johannesson, Oliver Aron"]
[Result "1/2-1/2"]
[WhiteElo "2149"]
[BlackElo "2224"]
[PlyCount "94"]
[EventDate "2017.02.17"]
[EventType "swiss"]
[EventRounds "6"]
[EventCountry "NOR"]
[SourceTitle "CBM 176 Extra"]
[Source "ChessBase"]
[SourceDate "2017.03.02"]
[SourceVersion "1"]
[SourceVersionDate "2017.03.02"]
[SourceQuality "1"]

1. d4 Nf6 2. c4 c5 3. d5 b5 4. cxb5 a6 5. f3 g6 6. e4 Bg7 7. Na3 0-0 8. Ne2 e6 9. Nc3 exd5 10. Nxd5 Bb7 11. Bc4 axb5 12. Nxf6+ Bxf6 13. Nxb5 d5 14. exd5 Re8+ 15. Kf2 Nd7 16. Bf4 Ne5 17. Bxe5 Bxe5 18. g3 Bxb2 19. Rb1 Be5 20. Re1 Qd7 21. Kg2 Bc8 22. Kh1 Ba6 23. a4 Bxg3 24. Rxe8+ Rxe8 25. Kg2 Be5 26. Qc2 Qd8 27. Kh1 Qh4 28. Bf1 Bb7 29. Nc7 Bxc7 30. Rxb7 Qf4 31. Qf2 Bd6 32. Rb6 c4 33. Rc6 c3 34. a5 Qd2 35. Kg1 Bf4 36. Kg2 Bxh2 37. a6 Qxd5 38. Rxc3 Qg5+ 39. Kxh2 Qe5+ 40. f4 Qxc3 41. a7 Qa5 42. Bg2 Rd8 43. Qe3 Qa2 44. Qb6 Qd2 45. Qc7 Kg7 46. Qe5+ Kg8 47. Qb8 Qa5 1/2-1/2

[Event "Nordic-ch U20"]
[Site "Drammen"]
[Date "2017.02.18"]
[Round "3"]
[White "Nielsen, Viktor Haarmark"]
[Black "Johannesson, Oliver Aron"]
[Result "1/2-1/2"]
[WhiteElo "2232"]
[BlackElo "2224"]
[PlyCount "145"]
[EventDate "2017.02.17"]
[EventType "swiss"]
[EventRounds "6"]
[EventCountry "NOR"]
[SourceTitle "CBM 176 Extra"]
[Source "ChessBase"]
[SourceDate "2017.03.02"]
[SourceVersion "1"]
[SourceVersionDate "2017.03.02"]
[SourceQuality "1"]

1. e4 c5 2. Nf3 e6 3. d4 cxd4 4. Nxd4 Nc6 5. Nc3 Qc7 6. Be3 a6 7. f4 b5 8. Nb3 d6 9. Bd3 Nf6 10. Qf3 Bb7 11. 0-0 Be7 12. Rae1 0-0 13. Qh3 g6 14. f5 exf5 15. exf5 Ne5 16. Bh6 Rfe8 17. Bg5 Nfg4 18. f6 Bxf6 19. Rxf6 Nxf6 20. Bxf6 Qb6+ 21. Kf1 Re6 22. Bh4 Rae8 23. Nd2 d5 24. Bf2 Qc7 25. Qg3 Qe7 26. Nb3 b4 27. Ne2 Nc4 28. Nbd4 Rf6 29. b3 Nd2+ 30. Kg1 Ne4 31. Bxe4 dxe4 32. Be3 Qd7 33. h3 Qd5 34. Bg5 Rd6 35. Rf1 e3 36. Rf3 Re4 37. Bxe3 Rd8 38. Kh2 Qd7 39. Rf4 Qd5 40. Rxe4 Qxe4 41. Bh6 a5 42. Qg4 Qd5 43. Bg5 Re8 44. Bf6 Re4 45. Qg3 Re8 46. Qg5 Qxg5 47. Bxg5 Ba6 48. c4 bxc3 49. Nxc3 Kg7 50. Nd5 Re4 51. Bf6+ Kf8 52. Nc7 Bb7 53. Kg3 Re1 54. Kf2 Rd1 55. Ke2 Rc1 56. Ncb5 Bxg2 57. h4 Ke8 58. Nd6+ Kd7 59. Nc4 Ra1 60. Ne5+ Ke8 61. a4 Rf1 62. Nef3 Rb1 63. Nd2 Rh1 64. Kd3 Bd5 65. Nc4 Rh3+ 66. Ne3 h6 67. Kd2 Be6 68. Kd3 Kd7 69. Ke4 Kd6 70. Nb5+ Kd7 71. Nd4 Kd6 72. Nb5+ Kd7 73. Nd4 1/2-1/2

[Event "Nordic-ch U20"]
[Site "Drammen"]
[Date "2017.02.17"]
[Round "2"]
[White "Johannesson, Oliver Aron"]
[Black "Jacobsen, Mikkel Manosri"]
[Result "1-0"]
[WhiteElo "2224"]
[BlackElo "2300"]
[PlyCount "95"]
[EventDate "2017.02.17"]
[EventType "swiss"]
[EventRounds "6"]
[EventCountry "NOR"]
[SourceTitle "CBM 176 Extra"]
[Source "ChessBase"]
[SourceDate "2017.03.02"]
[SourceVersion "1"]
[SourceVersionDate "2017.03.02"]
[SourceQuality "1"]

1. d4 d5 2. c4 c6 3. Nf3 Nf6 4. Nc3 e6 5. g3 dxc4 6. Ne5 b5 7. Bg2 a6 8. Nxc6 Qb6 9. Nxb8 Bb7 10. Bxb7 Qxb7 11. 0-0 Rxb8 12. Qc2 Be7 13. Rd1 0-0 14. f3 Rfd8 15. e4 Rd7 16. Be3 Rbd8 17. Rac1 Ne8 18. Rd2 Bb4 19. Rcd1 Ba5 20. a3 Nc7 21. Bf2 Bb6 22. Kg2 Qa7 23. Ne2 Ne8 24. Bg1 Nf6 25. Qc3 h6 26. Qc2 Kh8 27. Qc3 Ng8 28. Nf4 Qc7 29. Qc2 Ba5 30. Re2 Ne7 31. d5 Qb7 32. Bd4 Bb6 33. Bxg7+ Kxg7 34. Nh5+ Kf8 35. Qc3 Nxd5 36. exd5 Rxd5 37. Qg7+ Ke7 38. Rde1 R8d6 39. Nf4 Rd2 40. Qxh6 Be3 41. Qh4+ Kd7 42. Qf6 Kc8 43. Qe5 R6d3 44. Nxd3 cxd3 45. Rc1+ Kd8 46. Rxd2 Bxd2 47. Qd6+ Ke8 48. Rc7 1-0

[Event "Uppsala Young Champions op"]
[Site "Uppsala"]
[Date "2016.11.02"]
[Round "8"]
[White "Johannesson, Oliver Aron"]
[Black "Storme, Isak"]
[Result "1/2-1/2"]
[WhiteElo "2263"]
[BlackElo "2153"]
[PlyCount "123"]
[EventDate "2016.10.28"]
[EventType "swiss"]
[EventRounds "9"]
[EventCountry "SWE"]
[SourceTitle "CBM 175 Extra"]
[Source "ChessBase"]
[SourceDate "2016.12.12"]
[SourceVersion "1"]
[SourceVersionDate "2016.12.12"]
[SourceQuality "1"]

1. d4 e6 2. e4 d5 3. Nd2 c5 4. exd5 exd5 5. Ngf3 Nf6 6. dxc5 Bxc5 7. Nb3 Bb6 8. Bb5+ Bd7 9. Qe2+ Qe7 10. Bxd7+ Nbxd7 11. Qxe7+ Kxe7 12. 0-0 Rhe8 13. Bf4 Kf8 14. Rad1 Rac8 15. Nfd4 Ne5 16. c3 Nc4 17. Bc1 a5 18. Nf5 g6 19. Bh6+ Kg8 20. Bg5 Bd8 21. Ne3 Nxb2 22. Rb1 Nc4 23. Bxf6 Bxf6 24. Nxd5 Bg7 25. Rfd1 Kf8 26. Nd4 Red8 27. Ne2 Rc5 28. Ndf4 Rxd1+ 29. Rxd1 Nb2 30. Rd7 Bxc3 31. Rxb7 Be5 32. g3 Rc2 33. h4 Nd1 34. a4 Bxf4 35. Nxf4 Nxf2 36. Rb5 Ne4 37. Rxa5 Nxg3 38. Ra8+ Kg7 39. Nd5 Rc4 40. a5 Rxh4 41. a6 Ra4 42. Nc3 Ra5 43. a7 h5 44. Nb5 h4 45. Rb8 Ra1+ 46. Kg2 Ra2+ 47. Kh3 g5 48. a8Q Rxa8 49. Rxa8 Kg6 50. Nd4 f5 51. Nf3 Ne4 52. Kg2 g4 53. Ra6+ Kh5 54. Nd4 Kg5 55. Ne6+ Kh5 56. Nd4 Kg5 57. Ra5 Ng3 58. Ne6+ Kf6 59. Nf4 Kg5 60. Ne6+ Kf6 61. Nf4 Kg5 62. Ne6+ 1/2-1/2

[Event "Uppsala Young Champions op"]
[Site "Uppsala"]
[Date "2016.10.30"]
[Round "4"]
[White "Johannesson, Oliver Aron"]
[Black "Crevatin, Leo"]
[Result "1-0"]
[WhiteElo "2263"]
[BlackElo "2030"]
[PlyCount "162"]
[EventDate "2016.10.28"]
[EventType "swiss"]
[EventRounds "9"]
[EventCountry "SWE"]
[SourceTitle "CBM 175 Extra"]
[Source "ChessBase"]
[SourceDate "2016.12.12"]
[SourceVersion "1"]
[SourceVersionDate "2016.12.12"]
[SourceQuality "1"]

1. e4 c5 2. Nf3 Nc6 3. d4 cxd4 4. Nxd4 Nf6 5. Nc3 e5 6. Ndb5 d6 7. Bg5 a6 8. Na3 b5 9. Nd5 Be7 10. Bxf6 Bxf6 11. c3 Bg5 12. Nc2 0-0 13. a4 bxa4 14. Rxa4 a5 15. Bc4 Kh8 16. Nce3 Rb8 17. b3 Be6 18. h4 Bxe3 19. Nxe3 Bxc4 20. Nxc4 Qc7 21. 0-0 Rfd8 22. Ra2 Rd7 23. Rd2 Rbd8 24. Qf3 Nb8 25. Ra1 Nc6 26. Rad1 Qb8 27. Rb1 Qc7 28. h5 h6 29. Ne3 Rb8 30. Rd3 Rbd8 31. Rb2 Kg8 32. Nd5 Qb8 33. Qg4 Kh8 34. Rg3 f6 35. Qe6 Qb7 36. Ne3 Rf7 37. Nf5 Qd7 38. Qd5 Qc7 39. Rd2 Rfd7 40. Qe6 Nd4 41. Nxd4 exd4 42. Rxd4 Re7 43. Qg4 Rb8 44. c4 Qd7 45. Qxd7 Rxd7 46. c5 Rb5 47. cxd6 Rb6 48. Rgd3 Kg8 49. f4 Kf7 50. Kf2 Ke6 51. Ke3 Rc6 52. g4 Rc1 53. Rd1 Rc3+ 54. R1d3 Rc1 55. Kf2 Rc2+ 56. Rd2 Rc3 57. R4d3 Rc1 58. Rd5 Rc3 59. R2d3 Rc2+ 60. Kf3 Rh2 61. Rxa5 Rh3+ 62. Ke2 Rxd3 63. Kxd3 Rxd6+ 64. Rd5 Ra6 65. b4 Ra3+ 66. Kd4 Rg3 67. b5 Rxg4 68. b6 Rg1 69. Rb5 Rd1+ 70. Ke3 Rd8 71. b7 Rb8 72. Kd4 Kd6 73. e5+ Kc6 74. Rb1 Rxb7 75. Rxb7 Kxb7 76. Kd5 Kc7 77. Ke6 Kc6 78. Kf7 Kd5 79. e6 Ke4 80. e7 Kxf4 81. e8Q Kg5 1-0

[Event "Uppsala Young Champions op"]
[Site "Uppsala"]
[Date "2016.10.28"]
[Round "1"]
[White "Cardenas, William"]
[Black "Johannesson, Oliver Aron"]
[Result "0-1"]
[WhiteElo "1986"]
[BlackElo "2263"]
[PlyCount "148"]
[EventDate "2016.10.28"]
[EventType "swiss"]
[EventRounds "9"]
[EventCountry "SWE"]
[SourceTitle "CBM 175 Extra"]
[Source "ChessBase"]
[SourceDate "2016.12.12"]
[SourceVersion "1"]
[SourceVersionDate "2016.12.12"]
[SourceQuality "1"]

1. d4 Nf6 2. Nf3 b6 3. c4 Bb7 4. g3 g6 5. Bg2 Bg7 6. 0-0 0-0 7. Re1 e6 8. Nc3 Ne4 9. Nxe4 Bxe4 10. Bg5 Qc8 11. Qd2 Qb7 12. Bh6 d6 13. Rac1 Nd7 14. Bxg7 Kxg7 15. Qc3 Kg8 16. Bh3 c5 17. Nh4 Rfd8 18. f3 Bc6 19. e4 cxd4 20. Qxd4 a5 21. Ng2 Nc5 22. Ne3 Qe7 23. Red1 h5 24. b3 Rab8 25. Qc3 Qg5 26. Bg2 Qe5 27. Qxe5 dxe5 28. Bf1 Kf8 29. Kf2 Ke7 30. Be2 f5 31. exf5 gxf5 32. Rxd8 Rxd8 33. Rd1 Rf8 34. Ng2 f4 35. Nh4 Rf6 36. gxf4 exf4 37. Rg1 Be8 38. Rg5 Bf7 39. Ke1 Kd6 40. Kd2 e5 41. Bd3 Ne6 42. Rg2 Be8 43. Rg8 Rf8 44. Nf5+ Kc5 45. Rxf8 Nxf8 46. Kc3 Ne6 47. a3 Kc6 48. Be4+ Kc7 49. Bd5 Nf8 50. b4 axb4+ 51. axb4 Bd7 52. Ng7 h4 53. Nh5 Nh7 54. b5 Kd6 55. Kb4 Bf5 56. Ng7 Bd7 57. Nh5 Bf5 58. Ng7 Bd7 59. Nh5 Be8 60. Ng7 Bg6 61. Be6 Ng5 62. Bg4 e4 63. fxe4 Bxe4 64. Nh5 f3 65. Nf6 Bd3 66. Nd5 f2 67. Ne3 f1Q 68. Nxf1 Bxf1 69. c5+ bxc5+ 70. Ka5 Kc7 71. Bf5 Nf3 72. b6+ Kb8 73. h3 Ng5 74. Bg4 Bxh3 0-1